| 000 | 00000nam##2200000za#4500 |
| 001 | 9.607645 |
| 003 | CaOODSP |
| 005 | 20230801131723 |
| 007 | cr ||||||||||| |
| 008 | 150406|2012||||xxc|||||o f|0| 0 fre|d |
| 040 | |aCaOODSP|bfre |
| 043 | |an-cn--- |
| 086 | 1 |aPS83-5/R285F-PDF |
| 110 | 2 |aService correctionnel Canada. |bDirection de la recherche. |
| 245 | 10|aDélinquants visés par une ordonnance de surveillance de longue durée assortie d'une assignation à résidence à leur mise en liberté / |h[ressource électronique]|cPréparé par : Renée Gobeil. |
| 260 | |aOttawa - Ontario : |bService correctionnel Canada. |cDécembre 2012. |
| 300 | |a1p. |
| 490 | 1 |aRecherche en un coup d'oeil|vR-285 |
| 590 | |a14-16-Supp|b2014-09-25 |
| 775 | 08|tOffenders with long term supervision orders assigned residency conditions at release / |w(CaOODSP)9.580700 |
| 830 | #0|aRecherche en un coup d'œil (Service correctionnel Canada)|vR-285|w(CaOODSP)9.503037 |
| 856 | 40|ahttp://publications.gc.ca|qPDF|s217 Ko|uhttps://publications.gc.ca/collections/collection_2014/scc-csc/PS83-5-R285-fra.pdf|yR-285 |